书目信息 |
| 题名: |
随州文化简史
|
|
| 作者: | 王文虎 著 | |
| 分册: | ||
| 出版信息: | 武汉 湖北人民出版社 2018.12 |
|
| 页数: | 248页 | |
| 开本: | 24cm | |
| 丛书名: | ||
| 单 册: | ||
| 中图分类: | K296.33 | |
| 科图分类: | ||
| 主题词: | 文化史--随州 | |
| 电子资源: | ||
| ISBN: | 978-7-216-09646-1 | |
| 000 | 01547nam0 2200229 45 | |
| 001 | 012001005933 | |
| 005 | 20131014170944.0 | |
| 010 | @a978-7-216-09646-1@dCNY58.00 | |
| 100 | @a20190111d2019 em y0chiy0110 ea | |
| 101 | 0 | @achi |
| 102 | @aCN@b420000 | |
| 105 | @ay z 000yy | |
| 106 | @ar | |
| 200 | 1 | @a随州文化简史@9sui zhou wen hua jian shi@f王文虎著 |
| 210 | @a武汉@c湖北人民出版社@d2018.12 | |
| 215 | @a248页@d24cm | |
| 330 | @a本书是“湖北文化史丛书”之一。本书采用编年纪事与分门别类、逻辑与历史相结合的叙述方法,试图从众多的随州文化现象中(“文化有论”)概括出随州文化的本质特征(“文化是论”)。寓文化的形上学追寻于文化现象的盘点之中,另一方面,又将各种不同文化现象看作是文化本质在不同历史时期的表现形式(“文化史论”)。通过对搜集到的史料的整理与分析,展示随州文化的变迁过程,即历史地展示随州人的生活方式与价值选择的演变过程,是为“随州文化史”。围绕随州人的生活方式与价值选择的演变过程,本书将随州文化的发展历史分为四个部分:一是史前时期的随州文化(始祖形态的文化),这是随州人的生活方式与价值选择(农耕文化)的起源期;二是夏商周时期的随州文化(侯国形态的文化),这是随州人的以农为本的生活方式与价值选择,尤其是价值选择的成熟期;三是秦汉至民国成立前的随州文化(郡县形态的文化),这是随州人以农为本的生活方式与价值选择发展的停滞期;四是民国成立至1949年中华人民共和国成立前的随州文化(民国形态的文化),这是随州人由农为本的随文化方式与价值选择向着工业文明的转型期。 | |
| 606 | 0 | @a文化史@x随州 |
| 690 | @aK296.33@v5 | |
| 701 | 0 | @a王文虎@9wang wen hu@4著 |
| 801 | 2 | @aCN@b上海新华@c20191020 |
| 905 | @b1098124-7@dK296.33@e405@f4 | |
| 随州文化简史/王文虎著.-武汉:湖北人民出版社,2018.12 |
| 248页;24cm |
| ISBN 978-7-216-09646-1:CNY58.00 |
| 本书是“湖北文化史丛书”之一。本书采用编年纪事与分门别类、逻辑与历史相结合的叙述方法,试图从众多的随州文化现象中(“文化有论”)概括出随州文化的本质特征(“文化是论”)。寓文化的形上学追寻于文化现象的盘点之中,另一方面,又将各种不同文化现象看作是文化本质在不同历史时期的表现形式(“文化史论”)。通过对搜集到的史料的整理与分析,展示随州文化的变迁过程,即历史地展示随州人的生活方式与价值选择的演变过程,是为“随州文化史”。围绕随州人的生活方式与价值选择的演变过程,本书将随州文化的发展历史分为四个部分:一是史前时期的随州文化(始祖形态的文化),这是随州人的生活方式与价值选择(农耕文化)的起源期;二是夏商周时期的随州文化(侯国形态的文化),这是随州人的以农为本的生活方式与价值选择,尤其是价值选择的成熟期;三是秦汉至民国成立前的随州文化(郡县形态的文化),这是随州人以农为本的生活方式与价值选择发展的停滞期;四是民国成立至1949年中华人民共和国成立前的随州文化(民国形态的文化),这是随州人由农为本的随文化方式与价值选择向着工业文明的转型期。 |
| ● |
| 相关链接 |
|
|
|
|
正题名:随州文化简史
索取号:K296.33/405
 
预约/预借
| 序号 | 登录号 | 条形码 | 馆藏地/架位号 | 状态 | 备注 |
| 1 | 1098124 | 210981240 | 第二样本阅览室/ [索取号:K296.33/405] | 在馆 | |
| 2 | 1098125 | 210981259 | 第二借阅区/ [索取号:K296.33/405] | 在馆 | |
| 3 | 1098126 | 210981268 | 第二借阅区/ [索取号:K296.33/405] | 在馆 | |
| 4 | 1098127 | 210981277 | 第二借阅区/ [索取号:K296.33/405] | 在馆 |